| 000 | 00434nam a2200181Ia 4500 | ||
|---|---|---|---|
| 001 | 14175 | ||
| 005 | 20260306164855.0 | ||
| 008 | 260306t2002||||xx |||||||||||||| ||spa|| | ||
| 041 | _aESP | ||
| 082 |
_a510 _bG96 |
||
| 100 |
_aGutiérrez Valdeón, Sinesio _eAUT |
||
| 245 | 0 | _aMatemáticas aplicadas a la economía y la empresa | |
| 260 | _c2002 | ||
| 300 |
_a _c |
||
| 650 | _aGEN | ||
| 654 | _aCMA | ||
| 942 |
_cLIB _dJUS _fJUS _2ddc _n |
||
| 999 |
_c14175 _d14175 |
||